Library of the University of Algiers 3
Ibrahim Sultan Cheibout
شعار جامعة الجزائر 3
مكتبة جامعة الجزائر 3
إبراهيم سلطان شيبوط

تدقيق الحسابات المعاصر : (رقم التسجيلة. 43158)

تفاصيل مارك
000 -LEADER
fixed length control field 01033nam a2200217Ia 4500
003 - CONTROL NUMBER IDENTIFIER
control field Ost
005 - DATE AND TIME OF LATEST TRANSACTION
control field 20260507075127.0
008 - FIXED-LENGTH DATA ELEMENTS--GENERAL INFORMATION
fixed length control field 260507s9999||||xx |||||||||||||| ||und||
040 ## - CATALOGING SOURCE
Transcribing agency fsecg
041 ## - LANGUAGE CODE
Language code of text/sound track or separate title ara
082 ## - DEWEY DECIMAL CLASSIFICATION NUMBER
Classification number 330
100 ## - MAIN ENTRY--PERSONAL NAME
Personal name فلاح المطارنة، غسان
Relator term مؤلف
245 #0 - TITLE STATEMENT
Title تدقيق الحسابات المعاصر :
Remainder of title الناحية النظرية /
Statement of responsibility, etc. غسان فلاح المطارنة
260 ## - PUBLICATION, DISTRIBUTION, ETC.
Place of publication, distribution, etc. عمان:
Name of publisher, distributor, etc. دار المسيرة,
Date of publication, distribution, etc. 2006
300 ## - PHYSICAL DESCRIPTION
Extent 328 صفحة؛
Other physical details إيضاحات ؛
Dimensions 25 سم
520 ## - SUMMARY, ETC.
Summary, etc. مدخل إلى تدفق الحسابات-المعايير الهامة للتدفق-أداب وسلوك مهنة التدفق-مدقق الحسابات-تقرير مدقق الحسابات-الأخطاء والإحتيال ومسؤولية المدقق عليها-أدلة وقرائن الإثبات-نظام الرقابة الداخلية
653 ## - INDEX TERM--UNCONTROLLED
Uncontrolled term الحسابات
653 ## - INDEX TERM--UNCONTROLLED
Uncontrolled term تدقيق الحسابات
653 ## - INDEX TERM--UNCONTROLLED
Uncontrolled term معايير التدقيق
942 ## - ADDED ENTRY ELEMENTS (KOHA)
Koha item type كتب
المقتنيات
Withdrawn status Lost status Source of classification or shelving scheme Damaged status Not for loan Home library Current library Date acquired Serial enumeration / chronology Inventory number Total checkouts Full call number Barcode Date last seen Price effective from Koha item type
    Dewey Decimal Classification   Available مكتبة كلية العلوم الإقتصادية والعلوم التجارية وعلوم التسيير مكتبة كلية العلوم الإقتصادية والعلوم التجارية وعلوم التسيير 07/05/2026 الطابق الثاني 2086/9   أ/2086ن9 2086/9 07/05/2026 07/05/2026 كتب

موارد الويب المفتوحة


© University of Algiers 3 All Rights Reserved
|
Implemented by LECHELAH Riad